[Event "World Junior U20 Girls 2018"]
[Site "Gebze"]
[Date "2018.09.08"]
[Round "5"]
[White "Chitlange Sakshi"]
[Black "Meenal Gupta"]
[Result "1/2-1/2"]
[WhiteElo "2279"]
[BlackElo "1963"]
[Annotator "NA"]
[PlyCount "189"]
[EventDate "2018.09.05"]
[EventType "swiss"]
[EventCountry "TUR"]
[SourceTitle "playchess.com"]
[Source "ChessBase"]
[SourceQuality "1"]
[TimeControl "40/5400+30:1800+30"]

1. d4 {[%emt 0:00:30]} Nf6 {[%emt 0:00:30]} 2. c4 {[%emt 0:00:00]} e6 {[%emt 0:00:30]} 3. Nf3 {[%emt 0:00:00]} Bb4+ {[%emt 0:00:00]} 4. Bd2 {[%emt 0:01:30]} Qe7 {[%emt 0:00:00]} 5. g3 {[%emt 0:00:30]} b6 {[%emt 0:08:30]} 6. Bg2 {[%emt 0:03:30]} Bb7 {[%emt 0:00:00]} 7. O-O {[%emt 0:03:30]} Bxd2 {[%emt 0:05:00]} 8. Qxd2 {[%emt 0:01:30]} d6 {[%emt 0:05:30]} 9. Rd1 {[%emt 0:08:30] E16: Queen's Indian: 4 g3 Bb7 5 Bg2 Bb4+} (9. d5 e5 10. Nc3 a5 11. Nh4 Bc8 12. e4 O-O 13. Rae1 Nh5 14. Nf5 Bxf5 15. exf5 Nf6 16. f4 Nbd7 {½-½ (25) Bluebaum,M (2633)-Fedorchuk,S (2637) Brest 2018}) 9... Nbd7 {[%emt 0:03:30]} 10. Nc3 {[%emt 0:00:30]} Ne4 $146 {[%emt 0:13:30]} ({Predecessor:} 10... O-O 11. Rac1 a6 12. a3 Rab8 13. b4 Rfd8 14. d5 e5 15. e4 Nf8 16. Nh4 g6 17. Qe2 {1-0 (49) Kraidman,Y (2307)-Nietsch,H (2078) Halle 2004}) 11. Nxe4 {[%emt 0:06:30]} Bxe4 {[%emt 0:00:30]} 12. Rac1 {[%emt 0:00:30]} a5 {[%emt 0:00:30]} 13. Qe3 {[%emt 0:00:30]} Bb7 {[%emt 0:09:30]} 14. b3 {[%emt 0:13:30]} O-O {[%emt 0:14:30]} 15. a3 {[%emt 0:01:30]} Rfe8 {[%emt 0:05:30]} 16. Bh3 {[%emt 0:02:30]} Bxf3 {[%emt 0:05:30]} 17. Qxf3 {[%emt 0:00:30]} Ra7 {[%emt 0:00:30]} 18. Qe3 {[%emt 0:04:30]} Rb8 {[%emt 0:05:30]} 19. Bg2 {[%emt 0:02:30]} c5 {[%emt 0:02:01]} 20. Bc6 {[%emt 0:02:30]} Rc7 {[%emt 0:01:41]} 21. Bb5 {[%emt 0:01:30]} Nf6 {[%emt 0:02:27]} 22. Qd2 {[%emt 0:12:30]} cxd4 {[%emt 0:02:38]} 23. Qxd4 {[%emt 0:00:30]} d5 {[%emt 0:00:49]} 24. a4 {[%emt 0:01:30]} e5 {[%emt 0:01:55]} 25. Qh4 {[%emt 0:05:30]} d4 $1 {[%emt 0:03:40]} 26. Rd3 {[%emt 0:01:30]} Nd5 {[%emt 0:03:50]} 27. Qxe7 {[%emt 0:01:30]} Nxe7 {[%emt 0:00:30]} 28. Rcd1 {[%emt 0:00:30]} g6 {[%emt 0:01:12]} 29. e3 {[%emt 0:11:25]} dxe3 {[%emt 0:00:23]} 30. fxe3 {[%emt 0:00:49]} Kg7 {[%emt 0:01:39]} 31. Kf2 {[%emt 0:01:50]} h5 {[%emt 0:03:09]} 32. Kf3 {[%emt 0:03:55]} Nf5 {[%emt 0:00:59]} 33. Rd8 {[%emt 0:02:03]} Rxd8 {[%emt 0:01:25]} 34. Rxd8 {[%emt 0:00:01]} e4+ {[%emt 0:00:21]} 35. Ke2 {[%emt 0:00:52]} Rb7 {[%emt 0:00:20]} 36. Bc6 {[%emt 0:01:03]} Re7 {[%emt 0:00:04]} 37. Rb8 {[%emt 0:00:45]} Re6 {[%emt 0:00:03]} 38. Bd5 {[%emt 0:00:53]} Rd6 {[%emt 0:00:11]} 39. Bxe4 {[%emt 0:00:00]} Ne7 {[%emt 0:00:39]} 40. Rb7 {[%emt 0:03:14]} Kf6 {[%emt 0:00:00]} 41. Rc7 {[%emt 0:03:40]} Re6 {[%emt 0:03:15]} 42. Bd5 {[%emt 0:04:30]} Nxd5 {[%emt 0:04:30]} 43. cxd5 {[%emt 0:00:30]} Rd6 {[%emt 0:00:30]} 44. Rb7 {[%emt 0:00:30]} Ke5 {[%emt 0:00:30]} 45. Rxf7 {[%emt 0:00:30]} Kxd5 {[%emt 0:00:30]} 46. Rf4 {[%emt 0:00:30]} Ke5 {[%emt 0:00:30]} 47. h4 {[%emt 0:00:30]} b5 {[%emt 0:00:30]} 48. g4 {[%emt 0:13:55]} Rb6 {[%emt 0:06:30]} 49. g5 {[%emt 0:04:12]} bxa4 {[%emt 0:00:00]} 50. bxa4 {[%emt 0:00:11]} Rb2+ {[%emt 0:01:31]} 51. Kf3 {[%emt 0:00:47]} Ra2 {[%emt 0:00:33]} 52. Rc4 {[%emt 0:03:51]} Kd5 {[%emt 0:01:08]} 53. Rd4+ {[%emt 0:00:10]} Ke5 {[%emt 0:00:00]} 54. Rf4 {[%emt 0:00:32]} Ra3 {[%emt 0:00:09]} 55. Re4+ {[%emt 0:01:35]} Kd6 {[%emt 0:02:40]} 56. Kf4 {[%emt 0:00:30]} Ra1 {[%emt 0:00:08]} 57. Rd4+ {[%emt 0:00:19]} Ke6 $1 {[%emt 0:03:33]} 58. Ke4 {[%emt 0:00:18]} Rc1 {[%emt 0:00:39]} 59. Kd3 {[%emt 0:01:06]} Kf5 {[%emt 0:06:01]} 60. Rc4 {[%emt 0:01:35]} Ra1 {[%emt 0:02:47]} 61. Kd4 {[%emt 0:00:50]} Re1 {[%emt 0:00:58]} 62. Kc5 {[%emt 0:02:32]} Rxe3 {[%emt 0:00:08]} 63. Kb6 {[%emt 0:00:30]} Re5 {[%emt 0:00:15]} 64. Rd4 {[%emt 0:00:00]} Ke6 {[%emt 0:01:33]} 65. Rf4 {[%emt 0:00:01]} Kd7 {[%emt 0:00:00]} 66. Rf7+ {[%emt 0:00:38]} Ke8 {[%emt 0:00:15]} 67. Rf6 {[%emt 0:01:14]} Re4 {[%emt 0:00:30]} 68. Kxa5 {[%emt 0:00:00]} Rxh4 {[%emt 0:00:06]} 69. Rxg6 {[%emt 0:00:19]} Rg4 {[%emt 0:00:00]} 70. Kb5 {[%emt 0:01:31]} Kf7 {[%emt 0:02:22]} 71. Rf6+ {[%emt 0:00:30]} Ke7 {[%emt 0:00:00]} 72. Rf5 $11 {[%emt 0:00:19]} (72. Rh6 $1 $14 Rxg5+ 73. Kb6) 72... h4 {[%emt 0:00:00]} 73. g6 {[%emt 0:00:34]} Rxg6 {[%emt 0:00:22]} 74. Rh5 {[%emt 0:00:02]} Kd7 {[%emt 0:00:46]} 75. a5 {[%emt 0:01:23]} Kc7 {[%emt 0:00:08]} 76. Rh7+ {[%emt 0:00:19]} Kb8 {[%emt 0:00:20]} 77. Rxh4 {[%emt 0:00:05]} Rg5+ {[%emt 0:00:20]} 78. Kc6 {[%emt 0:00:05]} Rg6+ {[%emt 0:00:30]} 79. Kb5 {[%emt 0:00:50]} Rg5+ {[%emt 0:00:30]} 80. Kb4 {[%emt 0:00:00]} Kb7 {[%emt 0:01:30]} 81. Rf4 {[%emt 0:00:00]} Rh5 {[%emt 0:00:00]} 82. Rf7+ {[%emt 0:00:40]} Ka6 {[%emt 0:00:16]} 83. Rf6+ {[%emt 0:00:07]} Ka7 {[%emt 0:00:25]} 84. Rc6 {[%emt 0:00:01]} Kb7 {[%emt 0:00:03]} 85. Rf6 {[%emt 0:00:24]} Ka7 {[%emt 0:00:03]} 86. Rg6 {[%emt 0:00:50]} Kb7 {[%emt 0:00:30]} 87. Ka4 {[%emt 0:00:00]} Rh4+ {[%emt 0:00:25]} 88. Kb5 {[%emt 0:00:00]} Rh5+ {[%emt 0:00:00]} 89. Kb4 {[%emt 0:00:00]} Rh4+ {[%emt 0:00:00]} 90. Kb3 {[%emt 0:00:18]} Ka7 {[%emt 0:00:17]} 91. Ka3 {[%emt 0:00:06]} Kb7 {[%emt 0:00:14]} 92. Rb6+ {[%emt 0:00:08]} Ka7 {[%emt 0:00:05]} 93. Rb4 {[%emt 0:00:06]} Rxb4 {[%emt 0:00:09]} 94. Kxb4 {[%emt 0:00:00]} Ka6 {[%emt 0:00:36]} 95. Ka4 {[%emt 0:00:00]} 1/2-1/2

[Event "World Junior U20 Girls 2018"]
[Site "Gebze"]
[Date "2018.09.08"]
[Round "5"]
[White "Potapova, Margarita"]
[Black "Du, Yuxin"]
[Result "1-0"]
[WhiteElo "2277"]
[BlackElo "2146"]
[Annotator "NA"]
[PlyCount "77"]
[EventDate "2018.09.05"]
[EventType "swiss"]
[EventCountry "TUR"]
[SourceTitle "playchess.com"]
[Source "ChessBase"]
[SourceQuality "1"]
[TimeControl "40/5400+30:1800+30"]

1. d4 {[%emt 0:00:30]} Nf6 {[%emt 0:01:30]} 2. c4 {[%emt 0:00:30]} e6 {[%emt 0:00:30]} 3. Nf3 {[%emt 0:00:00]} b6 {[%emt 0:00:00]} 4. a3 {[%emt 0:00:00]} Bb7 {[%emt 0:01:00]} 5. Nc3 {[%emt 0:00:00]} Be7 {[%emt 0:01:30]} 6. d5 {[%emt 0:00:00]} Ba6 {[%emt 0:10:30]} 7. e4 {[%emt 0:01:30]} exd5 {[%emt 0:00:30]} 8. cxd5 {[%emt 0:14:30]} Bxf1 {[%emt 0:00:30]} 9. Kxf1 {[%emt 0:00:00]} d6 {[%emt 0:05:30]} 10. Nd4 {[%emt 0:03:00]} Nfd7 {[%emt 0:07:30]} 11. g3 {[%emt 0:04:30]} Bf6 {[%emt 0:03:30]} 12. Kg2 {[%emt 0:01:30]} O-O {[%emt 0:05:30]} 13. Be3 {[%emt 0:03:30]} Re8 {[%emt 0:07:30]} 14. Rc1 {[%emt 0:04:30]} a5 {[%emt 0:15:30]} 15. f3 {[%emt 0:07:30]} Na6 {[%emt 0:13:30]} 16. Nc6 {[%emt 0:21:30]} Qc8 {[%emt 0:00:30]} 17. b4 {[%emt 0:01:30]} axb4 {[%emt 0:04:56]} 18. axb4 {[%emt 0:00:00]} Ne5 {[%emt 0:10:17]} 19. Qb3 {[%emt 0:13:00]} Nb8 {[%emt 0:08:40]} 20. Nxe5 {[%emt 0:08:13]} Bxe5 {[%emt 0:00:18]} 21. Rc2 {[%emt 0:00:45]} Qd7 {[%emt 0:00:31]} 22. Rhc1 {[%emt 0:00:30]} c5 {[%emt 0:00:36]} 23. dxc6 {[%emt 0:00:42]} Nxc6 {[%emt 0:00:05]} 24. Nd5 {[%emt 0:01:03]} Nd4 {[%emt 0:00:44]} 25. Bxd4 {[%emt 0:00:07]} Bxd4 {[%emt 0:00:00]} 26. Nc7 {[%emt 0:00:42]} Rac8 {[%emt 0:01:18]} 27. Nxe8 {[%emt 0:00:30]} Rxe8 {[%emt 0:00:04]} 28. Rc7 {[%emt 0:02:41]} Qe6 {[%emt 0:00:05]} 29. Qxe6 {[%emt 0:00:21]} fxe6 {[%emt 0:00:05]} 30. R1c4 {[%emt 0:01:19]} Be3 {[%emt 0:02:05]} 31. Rd7 {[%emt 0:00:06]} d5 {[%emt 0:00:21]} 32. exd5 {[%emt 0:00:14]} exd5 {[%emt 0:00:11]} 33. Rxd5 {[%emt 0:00:02]} Ra8 {[%emt 0:00:17]} 34. Rd7 {[%emt 0:00:30]} Ra2+ {[%emt 0:00:21]} 35. Kh3 {[%emt 0:00:10]} h5 {[%emt 0:00:31]} 36. Rcc7 {[%emt 0:01:30]} Bg1 {[%emt 0:01:01]} 37. Rxg7+ {[%emt 0:00:30]} Kf8 {[%emt 0:00:00]} 38. Kh4 {[%emt 0:01:27]} Rxh2+ {[%emt 0:00:13]} 39. Kg5 {[%emt 0:00:04]} 1-0

[Event "World Junior U20 Girls 2018"]
[Site "Gebze"]
[Date "2018.09.08"]
[Round "5"]
[White "Sliwicka, Alicja"]
[Black "Khomeriki, Nino"]
[Result "0-1"]
[WhiteElo "2272"]
[BlackElo "2313"]
[Annotator "NA"]
[PlyCount "62"]
[EventDate "2018.09.05"]
[EventType "swiss"]
[EventCountry "TUR"]
[SourceTitle "playchess.com"]
[Source "ChessBase"]
[SourceQuality "1"]
[TimeControl "40/5400+30:1800+30"]

1. e4 {[%emt 0:00:30]} e5 {[%emt 0:00:30]} 2. Nf3 {[%emt 0:00:00]} Nc6 {[%emt 0:00:00]} 3. Bc4 {[%emt 0:00:00]} Nf6 {[%emt 0:00:00]} 4. d3 {[%emt 0:00:30]} Be7 {[%emt 0:00:30]} 5. O-O {[%emt 0:00:30]} O-O {[%emt 0:00:30]} 6. Re1 {[%emt 0:00:00]} d6 {[%emt 0:00:00]} 7. a4 {[%emt 0:00:00]} Kh8 {[%emt 0:07:00]} 8. a5 {[%emt 0:00:00] C55: Two Knights: 4 d3, 4 d4 exd4 5 e5 and Max Lange Attack} (8. Nc3 Ng8 9. Nd5 f5 10. h3 fxe4 11. dxe4 Nf6 12. a5 a6 13. Ra3 Be6 14. Nxf6 Bxc4 15. Nd5 Bb5 {½-½ (67) Caruana,F (2822)-Grischuk,A (2766) Saint Louis 2018}) 8... a6 {[%emt 0:00:00]} 9. Nc3 {[%emt 0:00:00]} h6 {[%emt 0:05:00]} 10. h3 {[%emt 0:00:30]} Nh7 {[%emt 0:00:30]} 11. Nd5 {[%emt 0:01:30]} f5 {[%emt 0:00:30]} 12. c3 {[%emt 0:02:30]} f4 $146 {[%emt 0:24:30]} ({Predecessor:} 12... Bf6 13. b4 g5 14. d4 fxe4 15. Rxe4 Bg7 16. dxe5 dxe5 {1-0 (36) Wang,K (2323)-Friedel,J (2519) Philadelphia 2016}) 13. d4 {[%emt 0:00:30]} Ng5 {[%emt 0:00:30]} 14. Nh2 {[%emt 0:23:30]} Bd7 {[%emt 0:14:30]} 15. b4 {[%emt 0:10:30]} Be8 {[%emt 0:06:30]} 16. Bb3 {[%emt 0:05:30]} Bg6 {[%emt 0:03:30]} 17. Bc2 {[%emt 0:00:30]} Bf7 {[%emt 0:04:30]} 18. Ba3 {[%emt 0:06:30]} f3 {[%emt 0:05:30]} 19. h4 {[%emt 0:05:30]} Nh7 {[%emt 0:03:30]} 20. Nxe7 {[%emt 0:09:30]} Qxe7 {[%emt 0:01:30]} 21. dxe5 {[%emt 0:06:30]} Bh5 {[%emt 0:05:55]} 22. exd6 {[%emt 0:03:30]} Qxh4 {[%emt 0:00:41]} 23. Re3 $2 {[%emt 0:04:22]} (23. Qd3 {war die entscheidende Verteidigung.} Ne5 24. g3 Qxg3+ 25. fxg3 f2+ 26. Kg2 fxe1=N+ 27. Rxe1 Nxd3 28. Bxd3) 23... fxg2 {[%emt 0:02:22]} 24. Qe1 {[%emt 0:00:10]} Ng5 {[%emt 0:00:57]} 25. Kxg2 {[%emt 0:02:04] [#]} Bf3+ $1 {[%emt 0:04:35]} 26. Rxf3 {[%emt 0:07:00]} Nxf3 {[%emt 0:01:08]} 27. Nxf3 {[%emt 0:00:34]} Qg4+ {[%emt 0:00:30]} 28. Kf1 {[%emt 0:00:00]} Qh3+ {[%emt 0:00:08]} 29. Kg1 {[%emt 0:01:51]} Rxf3 {[%emt 0:02:25]} 30. e5 {[%emt 0:05:09]} Rf4 {[%emt 0:01:51]} 31. Bd1 {[%emt 0:00:35]} Rh4 {[%emt 0:00:37]} 0-1

[Event "World Junior U20 Girls 2018"]
[Site "Gebze"]
[Date "2018.09.08"]
[Round "5"]
[White "Alinasab, Mobina"]
[Black "Song, Yuxin"]
[Result "1/2-1/2"]
[WhiteElo "2261"]
[BlackElo "2156"]
[Annotator "NA"]
[PlyCount "133"]
[EventDate "2018.09.05"]
[EventType "swiss"]
[EventCountry "TUR"]
[SourceTitle "playchess.com"]
[Source "ChessBase"]
[SourceQuality "1"]
[TimeControl "40/5400+30:1800+30"]

1. e4 {[%emt 0:00:30]} c5 {[%emt 0:00:30]} 2. Nf3 {[%emt 0:01:30]} d6 {[%emt 0:00:00]} 3. d4 {[%emt 0:00:00]} cxd4 {[%emt 0:00:00]} 4. Nxd4 {[%emt 0:00:00]} Nf6 {[%emt 0:00:30]} 5. Nc3 {[%emt 0:00:30]} a6 {[%emt 0:00:00]} 6. h3 {[%emt 0:00:00]} e5 {[%emt 0:02:00]} 7. Nde2 {[%emt 0:00:00]} h5 {[%emt 0:02:30] B90: Sicilian Najdorf: Unusual White 6th moves, 6 Be3 Ng4 and 6 Be3 e5} (7... b5 8. Ng3 Qc7 9. Bd3 g6 10. O-O Bg7 11. Bd2 O-O 12. a4 b4 13. Na2 a5 14. c3 bxc3 15. Nxc3 Be6 {½-½ (40) Svidler,P (2760)-Khismatullin,D (2632) Sochi 2018}) 8. Bg5 {[%emt 0:01:30]} Be6 {[%emt 0:00:30]} 9. Qd2 {[%emt 0:03:30]} Nbd7 {[%emt 0:01:30]} 10. Ng3 {[%emt 0:06:30]} Qc7 $146 {[%emt 0:04:30]} ({Predecessor:} 10... Be7 11. h4 Qa5 12. Rd1 b5 13. Bd3 Rc8 14. O-O Qb6 15. Kh1 {1-0 (30) Abrahamyan,T (2264)-Troff,K (2279) Los Angeles 2011}) 11. Be2 {[%emt 0:02:30]} b5 {[%emt 0:02:30]} 12. a3 {[%emt 0:06:30]} Qb7 {[%emt 0:17:30]} 13. Bf3 {[%emt 0:03:30]} g6 {[%emt 0:09:30]} 14. Nf1 {[%emt 0:09:30]} Nh7 {[%emt 0:06:30]} 15. Be3 {[%emt 0:00:30]} Nhf6 {[%emt 0:00:30]} 16. Bg5 {[%emt 0:09:30]} Nh7 {[%emt 0:00:00]} 17. Be3 {[%emt 0:02:30]} Nhf6 {[%emt 0:00:00]} 18. g3 {[%emt 0:05:30]} Nc5 {[%emt 0:08:30]} 19. Bxc5 {[%emt 0:01:30]} dxc5 {[%emt 0:00:30]} 20. Ne3 {[%emt 0:00:00]} Bh6 {[%emt 0:04:30]} 21. Qe2 {[%emt 0:01:00]} O-O-O {[%emt 0:01:30]} 22. Bg2 {[%emt 0:02:30]} h4 {[%emt 0:07:30]} 23. g4 {[%emt 0:04:30]} Rd6 {[%emt 0:01:30]} 24. O-O {[%emt 0:02:30]} Rhd8 {[%emt 0:00:30]} 25. Rad1 {[%emt 0:02:30]} Rxd1 {[%emt 0:01:30]} 26. Rxd1 {[%emt 0:01:30]} Rxd1+ {[%emt 0:00:30]} 27. Qxd1 {[%emt 0:00:00]} Qd7 {[%emt 0:01:30]} 28. Ncd5 {[%emt 0:01:00]} Bxd5 {[%emt 0:01:30]} 29. Nxd5 {[%emt 0:00:30]} Nxd5 {[%emt 0:00:30]} 30. exd5 {[%emt 0:00:30]} Kc7 {[%emt 0:04:30]} 31. Qe1 {[%emt 0:02:30]} Qd6 {[%emt 0:00:30]} 32. Qa5+ {[%emt 0:00:30]} Kb7 {[%emt 0:02:30]} 33. c4 $11 {[%emt 0:07:30]} bxc4 {[%emt 0:03:32]} 34. Qa4 {[%emt 0:01:30]} Kc7 {[%emt 0:01:18]} 35. Qxc4 {[%emt 0:00:30]} Kd8 {[%emt 0:02:03]} 36. Qa4 {[%emt 0:02:30]} Bd2 {[%emt 0:01:58]} 37. Qb3 {[%emt 0:00:30]} Kc7 {[%emt 0:01:12]} 38. Qc2 {[%emt 0:01:51]} Bf4 {[%emt 0:00:08]} 39. Qc4 {[%emt 0:06:41]} Kd8 {[%emt 0:01:02]} 40. Bf1 {[%emt 0:00:00]} Ke7 {[%emt 0:00:00]} 41. Bd3 {[%emt 0:01:28]} Qb6 {[%emt 0:03:17]} 42. Qa4 {[%emt 0:08:30]} a5 {[%emt 0:02:30]} 43. Bb5 {[%emt 0:00:30]} Bc1 {[%emt 0:01:30]} 44. b3 {[%emt 0:09:30]} Bxa3 {[%emt 0:04:30]} 45. d6+ {[%emt 0:11:18]} Kxd6 {[%emt 0:01:30]} 46. Be8 {[%emt 0:00:08]} Qd8 {[%emt 0:01:30]} 47. Bxf7 {[%emt 0:00:07]} Bb4 {[%emt 0:04:30]} 48. Bxg6 {[%emt 0:00:17]} Kc7 {[%emt 0:01:30]} 49. Be4 {[%emt 0:02:20]} Qd7 {[%emt 0:01:30]} 50. Qa2 {[%emt 0:02:22]} Qd2 {[%emt 0:00:30]} 51. Qb1 {[%emt 0:04:52]} Qe1+ {[%emt 0:04:30]} 52. Qxe1 {[%emt 0:00:01]} Bxe1 {[%emt 0:00:00]} 53. Kf1 {[%emt 0:01:05]} Bd2 {[%emt 0:00:00]} 54. Ke2 {[%emt 0:00:00]} Bf4 {[%emt 0:01:30]} 55. Kd3 {[%emt 0:02:42]} Kd6 {[%emt 0:00:30]} 56. Ba8 {[%emt 0:01:07]} Ke6 {[%emt 0:01:30]} 57. Ke4 {[%emt 0:00:14]} Bc1 {[%emt 0:00:30]} 58. Bd5+ {[%emt 0:00:33]} Kf6 {[%emt 0:00:30]} 59. Bc4 {[%emt 0:00:04]} Bd2 {[%emt 0:00:45]} 60. Kd5 {[%emt 0:01:22]} Bb4 {[%emt 0:00:30]} 61. Kd6 {[%emt 0:01:26]} e4 {[%emt 0:00:32]} 62. Kd5 {[%emt 0:00:45]} Be1 {[%emt 0:00:18]} 63. Kxe4 {[%emt 0:01:53]} Bxf2 {[%emt 0:00:25]} 64. Kf3 {[%emt 0:00:39]} Bg3 {[%emt 0:00:30]} 65. Ke4 {[%emt 0:00:00]} Kg5 {[%emt 0:00:00]} 66. Be2 {[%emt 0:00:33]} Be1 {[%emt 0:00:00]} 67. Bc4 {[%emt 0:00:00]} 1/2-1/2

[Event "World Junior U20 Girls 2018"]
[Site "Gebze"]
[Date "2018.09.08"]
[Round "5"]
[White "Haussernot, Cecile"]
[Black "Nurgali, Nazerke"]
[Result "1-0"]
[WhiteElo "2237"]
[BlackElo "2080"]
[Annotator "NA"]
[PlyCount "81"]
[EventDate "2018.09.05"]
[EventType "swiss"]
[EventCountry "TUR"]
[SourceTitle "playchess.com"]
[Source "ChessBase"]
[SourceQuality "1"]
[TimeControl "40/5400+30:1800+30"]

1. e4 {[%emt 0:04:30]} c6 {[%emt 0:00:30]} 2. d4 {[%emt 0:00:30]} d5 {[%emt 0:00:30]} 3. exd5 {[%emt 0:00:00]} cxd5 {[%emt 0:00:00]} 4. Bd3 {[%emt 0:00:00]} Nc6 {[%emt 0:00:00]} 5. c3 {[%emt 0:00:30]} Nf6 {[%emt 0:00:30]} 6. Bf4 {[%emt 0:00:00]} g6 {[%emt 0:01:30]} 7. Nf3 {[%emt 0:01:00]} Bg7 {[%emt 0:00:30]} 8. O-O {[%emt 0:04:30]} O-O {[%emt 0:00:30]} 9. h3 {[%emt 0:00:30]} a6 {[%emt 0:06:30]} 10. Nbd2 {[%emt 0:00:30] B13: Caro-Kann (Abtausch-Variante 4.c4)} Re8 {[%emt 0:00:30]} (10... Bf5 11. Bxf5 gxf5 12. Ne5 e6 13. Nxc6 bxc6 14. Nb3 Nd7 15. Re1 Kh8 16. Re3 a5 17. a4 Qb6 {1-0 (49) Ivanchuk,V (2740)-Riazantsev,A (2638) Dagomys 2008}) 11. Re1 {[%emt 0:04:30]} Nd7 {[%emt 0:07:30]} 12. Ne5 {[%emt 0:01:30]} Ncxe5 {[%emt 0:04:30]} 13. dxe5 {[%emt 0:01:30]} Nc5 {[%emt 0:03:30]} 14. Nf3 $146 {[%emt 0:02:30]} ({Vorgänger:} 14. Bc2 Ne6 15. Bg3 d4 16. c4 Bd7 17. Nb3 {1-0 (40) Mazziotti Irigoyen,G (2253)-Roque,P Buenos Aires 2004}) 14... b5 {[%emt 0:04:30]} 15. Nd4 {[%emt 0:00:30]} Bd7 {[%emt 0:06:30]} 16. Bc2 {[%emt 0:01:30]} e6 {[%emt 0:01:30]} 17. Qd2 {[%emt 0:01:30]} Qc7 {[%emt 0:02:30]} 18. Qe3 {[%emt 0:05:30]} Nb7 {[%emt 0:05:30]} 19. Bh6 {[%emt 0:09:30]} Bh8 {[%emt 0:05:30]} 20. Bg5 {[%emt 0:00:30]} Na5 {[%emt 0:08:30]} 21. Bf6 {[%emt 0:00:30]} Bg7 {[%emt 0:07:30]} 22. h4 {[%emt 0:08:30]} Nc4 {[%emt 0:05:30]} 23. Qg5 {[%emt 0:10:30]} h6 $16 {[%emt 0:05:30]} 24. Qf4 {[%emt 0:00:30]} Bxf6 {[%emt 0:01:30]} 25. Qxf6 {[%emt 0:00:00]} Qd8 {[%emt 0:00:30]} 26. Qf4 {[%emt 0:00:00]} Kg7 {[%emt 0:00:30]} 27. b3 {[%emt 0:00:30]} Nb6 {[%emt 0:00:30]} 28. Re3 {[%emt 0:00:30]} Qe7 {[%emt 0:03:20]} 29. Rf3 {[%emt 0:00:30]} Rf8 {[%emt 0:03:40]} 30. Re1 {[%emt 0:01:30]} Rac8 {[%emt 0:02:16]} 31. Qe3 {[%emt 0:00:30]} Na8 {[%emt 0:02:51]} 32. Ne2 {[%emt 0:03:30]} b4 {[%emt 0:02:02]} 33. Rf6 {[%emt 0:00:30]} Rg8 {[%emt 0:03:43]} 34. Rd1 {[%emt 0:03:30]} Bb5 {[%emt 0:00:31]} 35. c4 {[%emt 0:01:30]} dxc4 {[%emt 0:00:19]} 36. Nf4 {[%emt 0:00:30]} Be8 {[%emt 0:01:00]} 37. h5 {[%emt 0:06:30]} cxb3 {[%emt 0:01:00]} 38. hxg6 {[%emt 0:02:30]} fxg6 {[%emt 0:00:34]} 39. Rxe6 {[%emt 0:01:30]} Qb7 {[%emt 0:02:24]} 40. Be4 {[%emt 0:00:00]} Qb5 {[%emt 0:00:00]} 41. Nh5+ {[%emt 0:01:00]} 1-0

[Event "World Junior U20 Girls 2018"]
[Site "Gebze"]
[Date "2018.09.08"]
[Round "5"]
[White "Maltsevskaya, Aleksandra"]
[Black "Tsolakidou, Stavroula"]
[Result "1-0"]
[WhiteElo "2234"]
[BlackElo "2393"]
[Annotator "NA"]
[PlyCount "107"]
[EventDate "2018.09.05"]
[EventType "swiss"]
[EventCountry "TUR"]
[SourceTitle "playchess.com"]
[Source "ChessBase"]
[SourceQuality "1"]
[TimeControl "40/5400+30:1800+30"]

1. d4 {[%emt 0:00:30]} Nf6 {[%emt 0:00:30]} 2. c4 {[%emt 0:00:30]} e6 {[%emt 0:00:30]} 3. Nf3 {[%emt 0:00:30]} c5 {[%emt 0:00:00]} 4. e3 {[%emt 0:05:30]} a6 {[%emt 0:00:00]} 5. Nc3 {[%emt 0:00:30]} d5 {[%emt 0:01:30]} 6. cxd5 {[%emt 0:02:30]} exd5 {[%emt 0:00:30]} 7. Bd3 {[%emt 0:02:30] D40: Queen's Gambit Declined: Semi-Tarrasch with 5 e3} (7. Be2 Nc6 8. O-O cxd4 9. Nxd4 Bd6 10. b3 Be5 11. Nxc6 bxc6 12. Bb2 h5 13. f4 Bb8 14. Na4 Ba7 15. Bd4 Bg4 16. Bxg4 hxg4 17. Rc1 {1-0 (68) Mamedyarov,S (2801)-Navara,D (2741) Biel 2018}) 7... Nc6 {[%emt 0:07:30]} 8. O-O {[%emt 0:01:30]} Bg4 {[%emt 0:10:30]} 9. h3 {[%emt 0:04:30]} Bh5 {[%emt 0:07:30]} 10. Be2 $146 {[%emt 0:02:30]} ({Predecessor:} 10. Re1 Be7 11. dxc5 O-O 12. Be2 Bxc5 13. a3 Ba7 14. b4 Re8 {0-1 (37) Avalos,L (1687)-Cosma,E (2327) Tromsoe 2014}) 10... Bd6 {[%emt 0:06:30]} 11. dxc5 {[%emt 0:05:30]} Bxc5 {[%emt 0:00:30]} 12. b3 {[%emt 0:01:30]} O-O {[%emt 0:01:30]} 13. Bb2 {[%emt 0:00:30]} Ba7 {[%emt 0:10:30]} 14. Nd4 {[%emt 0:04:30]} Bxd4 {[%emt 0:05:30]} 15. Bxh5 {[%emt 0:04:30]} Be5 {[%emt 0:00:30]} 16. Bf3 {[%emt 0:05:30]} Qd6 {[%emt 0:01:30]} 17. Rb1 {[%emt 0:13:30]} Rfd8 {[%emt 0:08:30]} 18. Ne2 {[%emt 0:06:30]} Rac8 {[%emt 0:04:30]} 19. Nd4 {[%emt 0:02:30]} Ne7 {[%emt 0:08:30]} 20. Qe2 {[%emt 0:10:30]} Ng6 {[%emt 0:04:11]} 21. Rfd1 {[%emt 0:02:30]} Re8 {[%emt 0:02:36]} 22. Rd2 {[%emt 0:08:12]} Rcd8 {[%emt 0:00:12]} 23. Rbd1 {[%emt 0:00:00]} Nh4 {[%emt 0:00:39]} 24. Kh1 {[%emt 0:02:47]} Qd7 {[%emt 0:03:36]} 25. Bg4 {[%emt 0:01:41]} Qe7 {[%emt 0:00:15]} 26. Bf3 {[%emt 0:11:05]} Qd7 {[%emt 0:00:12]} 27. Bg4 {[%emt 0:00:02]} Qe7 {[%emt 0:00:30]} 28. Bf3 {[%emt 0:00:00]} g6 {[%emt 0:01:39]} 29. Qd3 {[%emt 0:01:02]} Qd7 {[%emt 0:00:56]} 30. Qf1 {[%emt 0:00:38]} h5 {[%emt 0:02:52]} 31. Ne2 Bxb2 {[%emt 0:00:00]} 32. Rxb2 {[%emt 0:00:41]} Nxf3 {[%emt 0:11:14]} 33. gxf3 {[%emt 0:00:30]} Qf5 {[%emt 0:00:00]} 34. Qg2 {[%emt 0:00:05]} Rc8 {[%emt 0:00:45]} 35. Rbd2 {[%emt 0:00:12]} Rc5 {[%emt 0:00:30]} 36. Nf4 {[%emt 0:01:21]} Rec8 {[%emt 0:00:49]} 37. Qg3 {[%emt 0:00:48]} Rc1 {[%emt 0:00:31]} 38. Ne2 {[%emt 0:00:39]} Rxd1+ {[%emt 0:00:23]} 39. Rxd1 {[%emt 0:00:04]} h4 {[%emt 0:00:33]} 40. Qg2 {[%emt 0:00:00]} Kg7 {[%emt 0:00:00]} 41. Nd4 {[%emt 0:01:13]} Qh5 {[%emt 0:07:37]} 42. Rg1 {[%emt 0:02:30]} Rc3 {[%emt 0:09:55]} 43. Qh2 {[%emt 0:01:30]} Rd3 {[%emt 0:00:49]} 44. Qf4 {[%emt 0:00:30]} Nh7 {[%emt 0:07:13]} 45. Nf5+ {[%emt 0:06:30]} Kg8 {[%emt 0:04:14]} 46. Nh6+ {[%emt 0:00:30]} Kg7 {[%emt 0:00:00]} 47. Nxf7 {[%emt 0:00:00]} Rd2 {[%emt 0:01:04]} 48. Ne5 {[%emt 0:07:47]} g5 {[%emt 0:00:06]} 49. Qb4 $18 {[%emt 0:03:01]} (49. Qf5 $142 Qh6 50. Rc1 Rd1+ 51. Rxd1) 49... Rxf2 {[%emt 0:02:09]} 50. Qxb7+ {[%emt 0:00:28]} Kf8 {[%emt 0:01:25]} 51. Rc1 {[%emt 0:03:09]} Nf6 {[%emt 0:00:28]} 52. Rc8+ {[%emt 0:00:16]} Ne8 {[%emt 0:00:35]} 53. Qb4+ {[%emt 0:00:12]} Kg8 {[%emt 0:00:00]} 54. Qe7 {[%emt 0:00:06]} 1-0